| 000 | 00611nam a2200169Ia 4500 | ||
|---|---|---|---|
| 005 | 20250508155059.0 | ||
| 008 | 008 250505s9999 xx 000 0 eng d | ||
| 037 | _aBooks to be hide in OPAC | ||
| 040 |
_aFEDL _beng _cFEDL |
||
| 041 |
_aeng _2eng |
||
| 084 |
_a370.7806, NCE/O _qFEDL |
||
| 245 | 0 | _aProgress report of the instructional and research programs for the national institute of education New Delhi, India | |
| 260 |
_aNew Delhi, India _bNational Council of Educational Research and Training _c1964 |
||
| 300 | _a293p. | ||
| 942 |
_cHB _h370.7806, NCE/O |
||
| 999 |
_c1354008 _d1354008 |
||